Phát triển cơ sở dữ liệu Java Oracle

Wedi'i Gadw mewn:
Manylion Llyfryddiaeth
Fformat: Llyfr
Iaith:Vietnamese
Cyhoeddwyd: TP Hồ chí Minh 2005
Pynciau:
Tagiau: Ychwanegu Tag
Dim Tagiau, Byddwch y cyntaf i dagio'r cofnod hwn!
Thư viện lưu trữ: Mạng thư viện Đại học Đà Nẵng
LEADER 01068nam a2200313 a 4500
001 000002101
003 02698
005 20171229145311.0
008 171229s2005 vie
040 |a LSK 
041 0 |a VIE 
082 0 |a 005.1  |b NG-T 
245 0 0 |a Phát triển cơ sở dữ liệu Java Oracle  |c Nguyễn Ngọc Tuấn, Hồng Phúc 
260 |b TP Hồ chí Minh  |c 2005 
300 |a 424 pages  |c 24 cm. 
653 |a Java (Ngôn ngữ lập trình máy tính) 
653 |a Oracle (Ngôn ngữ lập trình máy tính) 
852 |a Phòng Đọc - Phòng Mượn 
901 |a 8 
927 |a Sách tham khảo 
OWN |a LSK 
AVA |a UDN50  |b LSK  |d 005.1 NG-T  |e available  |t Error 5001 Not defined in file expand_doc_bib_avail.  |f 8  |g 0  |h N  |i 1  |k 1 
999 |a From the UDN01 
AVA |a UDN50  |b LSK  |d 005.1 NG-T  |e available  |t Error 5001 Not defined in file expand_doc_bib_avail.  |f 8  |g 0  |h N  |i 1  |k 1 
TYP |a Monograph 
TYP |a Printed language 
980 |a Mạng thư viện Đại học Đà Nẵng